000 00449nmm a2200169Ia 4500
008 251105s9999||||xx |||||||||||||||||und||
020 _a9788497433402
041 _aspa
100 _aTorralba, Francesc
245 0 _aEl arte de saber escuchar
264 _a[Madrid, España] :
_bMilenio,
_c2009
300 _a201 páginas
490 _aEstilos
650 _aPsychology
856 _uhttps://public.digitaliapublishing.com/a/6387
942 _cCF
999 _c90518
_d90518